Hadestown #4 - Wedding Song - Lyrics - Statistics

General Stats
  • This quiz has been taken 81 times
  • The average score is 279 of 298
Answer Stats
Character What they sing % Correct
can
100%
gonna
100%
I
100%
if
100%
Eurydice | Orpheus Lover,
100%
me
100%
me,
100%
tell
100%
the
100%
The
100%
wed
100%
wedding
100%
Who's
100%
you
100%
You
100%
A
98%
all
98%
All
98%
and
98%
And
98%
are
98%
be
98%
being
98%
getting
98%
sing
98%
Eurydice Sing
98%
table?
98%
table
98%
they
98%
time
98%
Times
98%
what
98%
along
96%
do
96%
Orpheus | Orpheus & Chorus La
96%
la
96%
Eurydice So
96%
so,
96%
song
96%
to
96%
To
96%
when
96%
your
96%
able
95%
give
95%
Hard
95%
harder
95%
it
95%
Orpheus It
95%
it!
95%
lay
95%
my
95%
us
95%
will
95%
you're
95%
bands?
93%
bands
93%
birds
93%
finish
93%
finished
93%
have
93%
Orpheus Yes
93%
come
91%
don't
91%
in
91%
make
91%
on
91%
Spring
91%
their
91%
this?
91%
trees
91%
bed?
89%
bed
89%
for
89%
home?
89%
isn't
89%
know
89%
know...
89%
rivers
89%
river's
89%
they're
89%
we're
89%
Eurydice Why
89%
with
89%
again?
88%
branches
88%
down
88%
gold,
88%
one
88%
take
88%
wanna
88%
working
88%
buy
86%
Dark
86%
darker
86%
generous
86%
that?
86%
banks
84%
Eurydice Even
84%
then?
84%
from
82%
maple
82%
apple
81%
hand
81%
fashion
79%
fruit
79%
Eurydice How'd
79%
not
79%
sugar
79%
bend
77%
ground
77%
song's
77%
upon
77%
around
75%
they'll
75%
though
75%
break
74%
feathers
72%
almond
70%
lie
70%
we'll
68%
a-flashing
67%
flying
67%
our
65%
heads
63%
pillow
63%
pan,
61%
'neath
56%
Chorus Ooh
46%
eiderdown
39%
No matching quizzes found
Score Distribution
Percent of People with Each Score
Percentile by Number Answered
Your Score History
You have not taken this quiz